000 01044nam a2200229 a 4500
001 48398
003 BD-RjUL
005 20211209054522.0
008 160813r20061940ii ||||| |||| 00| 0 ben d
020 _c: Tk. 60.00
035 _a(BD-RjUL)48517
040 _aBD-RjUL
_bben
_cBD-RjUL
041 _aben
082 _223
_a891.4409
_bSEP 2006
100 _aসেন, রায় বাহাদুর দীনেশচন্দ্র
_9146442
245 1 0 _aপ্রাচীন বাঙ্গালা সাহিত্যে মুসলমানের অবদান /
_cরায় বাহাদুর দীনেশচন্দ্র সেন
260 _aকলকাতা :
_bকরুণা প্রকাশনী,
_c১৯৪০ [মুদ্রণ ২০০৬]
300 _a[৬], ২১৭ পৃ. ;
_c১৫ সেমি
650 _aবাংলা সাহিত্য
_xইতিহাস ও সমালোচনা
_9146443
650 _aBengali Literature
_xHistory and Criticism
_9146444
942 _2ddc
_cBK
999 _c48398
_d48398